000 00739nam a2200217 a 4500
005 20140310183528.0
008 111114s19uu xx 00 eng d
020 _a9781433807305
050 _aPN 4192.P79
_b.F45 2010
100 _aFeldman, David B.
245 _aPublic speaking for psychologists :
_ba lighthearted guide to research presentations, job talks, and other opportunities to embarass yourself /
_cDavid B. Feldman and Paul J. Silvia.
250 _a1st ed.
260 _aWashington DC :
_bAmerican Psychological Association,
_c2010.
300 _a160 p. :
_c20 cm.
521 _aPSYCH
650 _aPublic speaking
650 _aPsychologists
700 _aSilvia, Paul J.
942 _cBK
_2lcc
_kFOR
999 _c24548
_d24548